000 00462nam a2200145Ia 4500
008 140724s9999 xx 000 0 und d
050 _aG 155.A1
_b.L318 2012
100 _aLarano, Ivan Nicoel D.
245 _aSolid Norhtern Connections /
_cIvan Nicoel D. Larano.
260 _aLas PiƱas, Philippines :
_bSouthville International School and Colleges,
_cc2012.
300 _a30 p. :
_bcol. ill. ;
_c28 cm.
521 _aTourism
942 _cTH
999 _c229168
_d229168